Poskytovanie zamestnaneckých výhod v organizácii ŽOS Zvolen, a.s., Zvolen zamestnancom : Diplomová práca

Enregistré dans:
Détails bibliographiques
Auteur principal: Adam, Jozef (Auteur)
Autres auteurs: Sakál, Peter, 1951- (xxx)
Format: Manuscrit Livre
Langue:slovaque
Publié: Trnava : STU v Bratislave MtF KMK, 1999
Sujets:
Tags: Ajouter un tag
Pas de tags, Soyez le premier à ajouter un tag!

MARC

LEADER 00000ntm a22000003a 4500
001 stu53081
005 20160719155207.4
008 000407s1999----xo------------------slo-d
040 |a STU  |b slo 
041 0 |a slo 
044 |a xo 
100 1 |a Adam, Jozef  |4 aut 
245 1 |a Poskytovanie zamestnaneckých výhod v organizácii ŽOS Zvolen, a.s., Zvolen zamestnancom :  |b Diplomová práca 
260 |a Trnava :  |b STU v Bratislave MtF KMK,  |c 1999 
300 |a 56 s  |c výťah 
650 7 |a Zamestnanci-organizácia  |2 stusub 
650 7 |a Starostlivosť o zamestnancov  |2 stusub 
650 7 |a manažment priemyselných podnikov  |2 stusub 
700 1 |a Sakál, Peter,  |d 1951-  |4 xxx  |u M4000  |U MTF Materiálovotechnologická fakulta  |T MTF Ústav priemyselného inžinierstva a manažmentu  |X 325  |U M4000  |Y 84  |7 A000000325